Obras dramáticas / (Record no. 160832)

MARC details
000 -LEADER
campo de control de longitud fija 00655nam a22001815i 4500
001 - NÚMERO DE CONTROL
campo de control 160832
003 - IDENTIFICADOR DE NÚMERO DE CONTROL
campo de control ES-MaACL
005 - FECHA Y HORA DE LA ÚLTIMA TRANSACCIÓN
campo de control 20231228063239.0
008 - DATOS DE LONGITUD FIJA--INFORMACIÓN GENERAL
campo de control de longitud fija 950206s1879 sp |||| | spa d
040 ## - FUENTE DE CATALOGACIÓN
Centro catalogador/agencia de origen CARM
Lengua de catalogación spa
Centro/agencia transcriptor CCPB | PA2
100 1# - ENTRADA PRINCIPAL--NOMBRE DE PERSONA
Nombre de persona Núñez de Arce, Gaspar,
Fechas asociadas al nombre 1834-1903
9 (RLIN) 223411
245 10 - MENCIÓN DEL TÍTULO
Título Obras dramáticas /
Mención de responsabilidad, etc. G. Nuñez de Arce.
260 ## - PUBLICACIÓN, DISTRIBUCIÓN, ETC.
Lugar de publicación, distribución, etc. Madrid ; Paris :
Nombre del editor, distribuidor, etc. Biblioteca Perojo,
Fecha de publicación, distribución, etc. 1879 (
Fabricante Tipografía Estereotipia Perojo)
300 ## - DESCRIPCIÓN FÍSICA
Extensión X, 523 p. ;
Dimensiones 22 cm.
505 8# - NOTA DE CONTENIDO CON FORMATO
Nota de contenido con formato Deudas de la honra ; Quién debe paga ; Justicia providencial ; El haz de leña
852 ## - LOCALIZACIÓN
Ubicación ES-MaACL
Número de control de estantería B-1846
Nota libre -- Enc. hol.
Holdings
Estatus retirado Estado de pérdida Estado de daño No para préstamo Colección Biblioteca de origen Biblioteca actual Ubicación en estantería Fecha de adquisición Fuente de adquisición Total de préstamos Signatura topográfica completa Código de barras Visto por última vez Precio de reemplazo Tipo de ítem Koha
        Libros del s. XIX Biblioteca del Ateneo de Madrid Biblioteca del Ateneo de Madrid Sala Pardo Bazán 17/01/2008     B-1846 1168426 23/02/2023 23/02/2023 Libro impreso antiguo